00552nam a2200193Ii 450000100060000000300090000600800410001502000150005604000330007104100080010408200130011210000220012524500480014726400700019530000120026533600260027733700280030333800270033111570CO-ViMGA241108s9999||||xx |||||||||||||| ||und|| a9589136044 aCO-ViMGAbspaerdacCO-ViMGA0 aunk04a909 E87c1 aGermán Espinoza10aCrónica de un caballero andante 1958-1999 1a[Lugar de publicación no identificado] : Ediciones Aurora, 1999 avolumen atextbtxt2rdacontent aunmediatedbn2rdamedia avolumebnc2rdacarrier